Faster construction on site by selection of methods and materials (Record no. 102159)
[ view plain ]
| 000 -LEADER | |
|---|---|
| fixed length control field | 01175cam a2200289 4500 |
| 008 - FIXED-LENGTH DATA ELEMENTS--GENERAL INFORMATION | |
| fixed length control field | 020701n2001 000 0 eng u |
| 020 ## - INTERNATIONAL STANDARD BOOK NUMBER | |
| International Standard Book Number | 086017560X |
| 035 ## - SYSTEM CONTROL NUMBER | |
| System control number | (Sirsi) u118659 |
| 041 ## - LANGUAGE CODE | |
| Language code of text/sound track or separate title | eng. |
| 050 ## - LIBRARY OF CONGRESS CALL NUMBER | |
| Classification number | 690.2 |
| 100 ## - MAIN ENTRY--PERSONAL NAME | |
| Personal name | Delves, A. |
| 110 ## - MAIN ENTRY--CORPORATE NAME | |
| Corporate name or jurisdiction name as entry element | Construction Industry Research and Information Association |
| 9 (RLIN) | 4810 |
| 245 ## - TITLE STATEMENT | |
| Title | Faster construction on site by selection of methods and materials |
| 260 ## - PUBLICATION, DISTRIBUTION, ETC. | |
| Place of publication, distribution, etc. | London |
| Name of publisher, distributor, etc. | CIRIA |
| Date of publication, distribution, etc. | 2001 |
| 300 ## - PHYSICAL DESCRIPTION | |
| Extent | 52p. |
| Dimensions | 30cm. |
| 350 ## - PRICE (NR) (BK AM CF MU VM SE) [OBSOLETE] | |
| Price | 80 |
| 490 ## - SERIES STATEMENT | |
| Series statement | CIRIA Report |
| Volume/sequential designation | C560 |
| 520 ## - SUMMARY, ETC. | |
| Summary, etc. | Shows how the selection of appropriate methods and materials can be used to reduce construction times on site. Considers the approach and decisions needed for each stage of the project process. It offers advice on methods of selection as well as on other project development activities. Gives clear examples and provides a separate section containing case studies. |
| 650 ## - SUBJECT ADDED ENTRY--TOPICAL TERM | |
| Topical term or geographic name entry element | BUILT ENVIRONMENT-BUILDING MATERIALS |
| 650 ## - SUBJECT ADDED ENTRY--TOPICAL TERM | |
| Topical term or geographic name entry element | CONSTRUCTION TIMES |
| 650 ## - SUBJECT ADDED ENTRY--TOPICAL TERM | |
| Topical term or geographic name entry element | Procurement-old |
| 650 ## - SUBJECT ADDED ENTRY--TOPICAL TERM | |
| Topical term or geographic name entry element | MANAGEMENT-PROJECT MANAGEMENT |
| 690 ## - LOCAL SUBJECT ADDED ENTRY--TOPICAL TERM (OCLC, RLIN) | |
| Topical term or geographic name as entry element | BUILT ENVIRONMENT |
| 700 ## - ADDED ENTRY--PERSONAL NAME | |
| Personal name | Drayton, R. |
| 700 ## - ADDED ENTRY--PERSONAL NAME | |
| Personal name | Sheehan, T. |
| 942 ## - ADDED ENTRY ELEMENTS (KOHA) | |
| Suppress in OPAC | 0 |
| Withdrawn status | Lost status | Source of classification or shelving scheme | Damaged status | Not for loan | Home library | Current library | Shelving location | Date acquired | Cost, normal purchase price | Total Checkouts | Full call number | Barcode | Date last seen | Date last checked out | Copy number | Cost, replacement price | Price effective from | Koha item type |
|---|---|---|---|---|---|---|---|---|---|---|---|---|---|---|---|---|---|---|
| Dewey Decimal Classification | London | London | Books | 02/07/2002 | 80.00 | 5 | CIRIA REPORTS | 30065990 | 22/05/2024 | 15/09/2005 | 1 | 80.00 | 06/08/2019 | Book |